[Event "CiF Super-1 email "]
[Site "GER email"]
[Date "2006.08.31"]
[Round "?"]
[White "Yepez Gutierrez, Julian"]
[Black "Ryska, Jiri"]
[Result "0-1"]
[WhiteElo "2262"]
[BlackElo "2258"]
[PlyCount "32"]
[EventDate "2006.??.??"]
[EventType "tourn (corr)"]
[EventRounds "15"]
[EventCountry "GER"]
[SourceTitle "Corr 2008"]
[Source "ChessBase"]
[SourceDate "2008.06.24"]
[SourceVersion "1"]
[SourceVersionDate "2008.06.24"]
[SourceQuality "1"]

1. Nf3 Nf6 2. c4 Nc6 3. d4 e6 4. Nc3 Bb4 5. e3 d6 6. Bd2 0-0 7. Qc2 e5 8. d5 Ne7 9. a3 Bxc3 10. Bxc3 Bf5 11. Qb3 Rb8 12. Qd1 b5 13. cxb5 Nexd5 14. Ba5 Qd7 15. a4 c6 16. Bc4 Be4 0-1

[Event "CiF Super-1 email "]
[Site "GER email"]
[Date "2006.08.31"]
[Round "?"]
[White "Yepez Gutierrez, Julian"]
[Black "Wegelin, Reinhard"]
[Result "0-1"]
[WhiteElo "2262"]
[BlackElo "2274"]
[PlyCount "40"]
[EventDate "2006.??.??"]
[EventType "tourn (corr)"]
[EventRounds "15"]
[EventCountry "GER"]
[SourceTitle "Corr 2008"]
[Source "ChessBase"]
[SourceDate "2008.06.24"]
[SourceVersion "1"]
[SourceVersionDate "2008.06.24"]
[SourceQuality "1"]

1. Nf3 b5 2. e4 Bb7 3. Bxb5 Bxe4 4. d4 Nf6 5. 0-0 e6 6. Re1 Bb7 7. Bg5 Be7 8. c4 0-0 9. Nc3 c5 10. Bxf6 Bxf6 11. d5 Na6 12. Ne4 exd5 13. cxd5 Nc7 14. Bc4 d6 15. Qd2 Be7 16. Re3 Re8 17. Rae1 Qd7 18. Qd3 h6 19. Ng3 Rab8 20. b3 Bf8 0-1

[Event "CiF Super-1 email "]
[Site "GER email"]
[Date "2006.08.31"]
[Round "?"]
[White "Zarate, Edilberto"]
[Black "Yepez Gutierrez, Julian"]
[Result "1-0"]
[WhiteElo "1844"]
[BlackElo "2262"]
[PlyCount "29"]
[EventDate "2006.??.??"]
[EventType "tourn (corr)"]
[EventRounds "15"]
[EventCountry "GER"]
[SourceTitle "Corr 2008"]
[Source "ChessBase"]
[SourceDate "2008.06.24"]
[SourceVersion "1"]
[SourceVersionDate "2008.06.24"]
[SourceQuality "1"]

1. d4 Nf6 2. c4 e6 3. Nf3 b6 4. g3 Ba6 5. b3 Bb4+ 6. Bd2 Be7 7. Nc3 Bb7 8. Bg2 0-0 9. 0-0 d5 10. cxd5 exd5 11. Rc1 Na6 12. Ne5 Ba3 13. Ra1 Re8 14. Nb5 Bf8 15. Rc1 1-0

[Event "CADAP MLP-02/2003 email"]
[Site "CADAP email"]
[Date "2004.06.18"]
[Round "?"]
[White "Ipinza Carmona, Marco"]
[Black "Yepez Gutierrez, Julian"]
[Result "0-1"]
[WhiteElo "2000"]
[BlackElo "2187"]
[PlyCount "78"]
[EventDate "2005.??.??"]
[EventType "tourn (corr)"]
[EventRounds "14"]
[EventCountry "ARG"]
[SourceTitle "Corr 2008"]
[Source "ChessBase"]
[SourceDate "2008.06.24"]
[SourceVersion "1"]
[SourceVersionDate "2008.06.24"]
[SourceQuality "1"]

1. d4 Nf6 2. Nf3 e6 3. c4 b6 4. g3 Ba6 5. Nbd2 Bb4 6. Qa4 c5 7. dxc5 bxc5 8. a3 Bxd2+ 9. Bxd2 0-0 10. Bg2 d5 11. Rc1 Bxc4 12. Ne5 Ba6 13. Rxc5 Qd6 14. Qd4 Nbd7 15. Nxd7 Nxd7 16. Rc2 Qb6 17. Bc3 Qxd4 18. Bxd4 Rfc8 19. Rxc8+ Rxc8 20. Kd2 Nc5 21. Bxc5 Rxc5 22. b4 Rc7 23. a4 Bc4 24. Rb1 f5 25. b5 Kf7 26. f4 Ke7 27. e3 Kd6 28. b6 Rb7 29. bxa7 Rxa7 30. Rb4 Kc5 31. Kc3 Be2 32. Kb3 h6 33. Ka3 g5 34. Rb1 Kc4 35. Rb6 Re7 36. Rb3 gxf4 37. exf4 d4 38. Rb4+ Kc3 39. Rb3+ Kd2 0-1

[Event "CADAP MLP-02/2003 email"]
[Site "CADAP email"]
[Date "2004.06.16"]
[Round "?"]
[White "Pena Gomez, Enrique Duvan"]
[Black "Yepez Gutierrez, Julian"]
[Result "0-1"]
[WhiteElo "2250"]
[BlackElo "2187"]
[PlyCount "60"]
[EventDate "2005.??.??"]
[EventType "tourn (corr)"]
[EventRounds "14"]
[EventCountry "ARG"]
[SourceTitle "Corr 2008"]
[Source "ChessBase"]
[SourceDate "2008.06.24"]
[SourceVersion "1"]
[SourceVersionDate "2008.06.24"]
[SourceQuality "1"]

1. e4 c5 2. Nf3 d6 3. d4 cxd4 4. Nxd4 Nf6 5. Nc3 a6 6. g3 e5 7. Nde2 Be7 8. Bg2 0-0 9. a4 Nc6 10. Nd5 Nxd5 11. exd5 Nb8 12. 0-0 Bf5 13. Nc3 Nd7 14. a5 Rc8 15. Be3 Rc4 16. Qe2 Qc7 17. f4 exf4 18. Bxf4 Ne5 19. Rf2 Bg6 20. Ne4 Rb4 21. b3 f5 22. Ng5 Bxg5 23. Bxg5 Ng4 24. Rff1 Re8 25. Qd2 Qc5+ 26. Kh1 Rd4 27. b4 Rxb4 28. h3 Ne3 29. Bxe3 Rxe3 30. Rab1 Rc4 0-1

[Event "CADAP MLP-02/2003 email"]
[Site "CADAP email"]
[Date "2004.05.23"]
[Round "?"]
[White "Yepez Gutierrez, Julian"]
[Black "Koziel, Roberto Eugenio"]
[Result "1/2-1/2"]
[WhiteElo "2187"]
[BlackElo "1995"]
[PlyCount "81"]
[EventDate "2005.??.??"]
[EventType "tourn (corr)"]
[EventRounds "14"]
[EventCountry "ARG"]
[SourceTitle "Corr 2008"]
[Source "ChessBase"]
[SourceDate "2008.06.24"]
[SourceVersion "1"]
[SourceVersionDate "2008.06.24"]
[SourceQuality "1"]

1. e4 c5 2. Nf3 Nc6 3. d3 e6 4. g3 d5 5. Nbd2 Be7 6. Bg2 Nf6 7. 0-0 Qc7 8. Re1 d4 9. e5 Nd5 10. Nf1 0-0 11. Qe2 b6 12. a3 b5 13. Qe4 a6 14. Ng5 Bxg5 15. Bxg5 Bb7 16. Qe2 Nce7 17. Bd2 Nb6 18. f3 Nd7 19. c3 Nc6 20. f4 Na5 21. Bxb7 Qxb7 22. Qd1 c4 23. dxc4 bxc4 24. cxd4 Nb3 25. Bb4 Rfd8 26. Rb1 Qa7 27. Bc3 Ndc5 28. Re3 Rab8 29. Kg2 Nd3 30. Nd2 Nxd2 31. Qxd2 Rb3 32. Rxd3 cxd3 33. Qxd3 Qb7+ 34. Kg1 a5 35. f5 Qd5 36. f6 gxf6 37. Qd2 f5 38. Qg5+ Kh8 39. Qf6+ Kg8 40. Qg5+ Kh8 41. Qf6+ 1/2-1/2

[Event "CADAP MLP-02/2003 email"]
[Site "CADAP email"]
[Date "2004.03.25"]
[Round "?"]
[White "Yepez Gutierrez, Julian"]
[Black "Campos Mosqueira, Juan Carlos"]
[Result "0-1"]
[WhiteElo "2187"]
[BlackElo "2000"]
[PlyCount "46"]
[EventDate "2005.??.??"]
[EventType "tourn (corr)"]
[EventRounds "14"]
[EventCountry "ARG"]
[SourceTitle "Corr 2008"]
[Source "ChessBase"]
[SourceDate "2008.06.24"]
[SourceVersion "1"]
[SourceVersionDate "2008.06.24"]
[SourceQuality "1"]

1. e4 c5 2. Nf3 d6 3. d3 Nc6 4. g3 g6 5. Bg2 Bg7 6. 0-0 e5 7. c4 a6 8. Bg5 Nge7 9. Nc3 h6 10. Bd2 0-0 11. Qc1 Kh7 12. a3 Rb8 13. Nd5 f5 14. Re1 fxe4 15. dxe4 Bg4 16. Re3 b5 17. h3 Bxf3 18. Rxf3 Rxf3 19. Bxf3 Nd4 20. Bd1 bxc4 21. Qxc4 Nxd5 22. Qxd5 Rxb2 23. a4 Rxd2 0-1